000 00930cam a22002653a 4500
001 7167
003 PGUSA
005 20140828083141.0
008 041201s2004||||xxu|||||s|||||000 | eng d
040 _aPGUSA
_beng
042 _adc
050 4 _aZ
050 4 _aPN
245 1 4 _aThe Guide to Reading — the Pocket University Volume XXIII
_h[electronic resource]
260 _bProject Gutenberg,
_c2004
505 0 _aBooks for study and reading / Lyman Abbott -- The purpose of reading / John Macy -- How to get the best out of books / Richard Le Gallienne -- The guide to daily reading / Asa Don Dickinson.
506 _aPublic domain in the USA.
516 _aElectronic text
653 _aBooks and reading -- United States
700 1 _aDickinson, Asa Don,
_d1876-1960
700 1 _aAbbott, Lyman,
_d1835-1922
830 0 _aProject Gutenberg
_v7167
856 4 0 _uhttp://www.gutenberg.org/ebooks/7167
942 _cEB
999 _c236487
_d236487